书目信息 |
| 题名: |
分形
|
|
| 作者: | 张济忠, 编著 | |
| 分册: | ||
| 出版信息: | 北京 清华大学出版社 2011.03 |
|
| 页数: | vi, 310页 | |
| 开本: | 23cm | |
| 丛书名: | ||
| 单 册: | ||
| 中图分类: | O189.12 | |
| 科图分类: | ||
| 主题词: | 分形理论--fen xing li lun | |
| 电子资源: | ||
| ISBN: | 978-7-302-22455-6 | |
| 000 | 00869cam0 2200265 450 | |
| 001 | 1134723406 | |
| 005 | 20110718093921.14 | |
| 010 | @a978-7-302-22455-6@dCNY32.00 | |
| 100 | @a20110331d2011 em y0chiy50 ea | |
| 101 | 0 | @achi |
| 102 | @aCN@b110000 | |
| 105 | @aak a 000yy | |
| 106 | @ar | |
| 200 | 1 | @a分形@Afen xing@f张济忠编著 |
| 205 | @a第2版 | |
| 210 | @a北京@c清华大学出版社@d2011.03 | |
| 215 | @avi, 310页@c图@d23cm | |
| 320 | @a有书目(第301-310页) | |
| 330 | @a本书以自然界中普遍存在的非平衡非线性复杂系统中自发形成的各种时空有序状态(或结构)为研究对象,系统介绍了分形理论的基本概念、原理和研究方法,及其在凝聚态物理学、材料科学、化学、生物学等学科中的应用。 | |
| 586 | @a | |
| 606 | 0 | @a分形理论@Afen xing li lun |
| 690 | @aO189.12@v5 | |
| 701 | 0 | @a张济忠,@Azhang ji zhong@f1945-@4编著 |
| 801 | 0 | @aCN@c20110610 |
| 905 | @dO189.12@eZ120@f3 | |
| 分形/张济忠编著.-第2版.-北京:清华大学出版社,2011.03 |
| vi, 310页:图;23cm |
| ISBN 978-7-302-22455-6:CNY32.00 |
| 本书以自然界中普遍存在的非平衡非线性复杂系统中自发形成的各种时空有序状态(或结构)为研究对象,系统介绍了分形理论的基本概念、原理和研究方法,及其在凝聚态物理学、材料科学、化学、生物学等学科中的应用。 |
| ● |
| 相关链接 |
|
|
|
正题名:分形
索取号:O189.12/Z120
 
预约/预借
| 序号 | 登录号 | 条形码 | 馆藏地/架位号 | 状态 | 备注 |
| 1 | 885899 | 208858994 | 自科库401/401自科库 46排1列1层/ [索取号:O189.12/Z120] | 在馆 | |
| 2 | 885900 | 208859001 | 自科库401/401自科库 46排1列1层/ [索取号:O189.12/Z120] | 在馆 | |
| 3 | 885901 | 208859010 | 自科库401/401自科库 46排1列1层/ [索取号:O189.12/Z120] | 在馆 |